00734nam a2200241 a 450000100060000000300080000600500170001400800410003103500190007204000320009104100080012308200220013110000400015324500450019326000440023830000340028249000480031650400300036465000140039465000220040865000130043083000490044361420BD-RjUL20211209080948.0170117s1932 enka b 000 0 eng d a(BD-RjUL)61544 aDLCcIQUdOCLdBD-RjULbeng aeng a382223bWHI 19321 aWhale, P. Barrettq(Philip Barrett)10aInternational trade /cby Barrett Whale. aLondon :bT. Butterworth limited,c1932 a255, [1] p. :bill. ;c17 cm.1 aHome university library of modern knowledge aBibliography: p. 253-254. 0aCommerce. 0aForeign exchange. 0aPayment. 0aHome university library of modern knowledge.